[Event "Chigorin Memorial 26th"]
[Site "St Petersburg"]
[Date "2018.10.31"]
[Round "5"]
[White "Putrenko, Kirill"]
[Black "Ivanov, Platon Jaan"]
[Result "1/2-1/2"]
[WhiteElo "1955"]
[BlackElo "2176"]
[PlyCount "139"]
[EventDate "2018.10.27"]
[EventType "swiss"]
[EventRounds "9"]
[EventCountry "RUS"]
[SourceTitle "CBM 187 Extra"]
[Source "ChessBase"]
[SourceDate "2018.11.04"]
[SourceVersion "1"]
[SourceVersionDate "2018.11.04"]
[SourceQuality "1"]

1. d4 Nf6 2. c4 c6 3. Nc3 d5 4. cxd5 cxd5 5. Bf4 Nc6 6. e3 a6 7. Bd3 e6 8. Rc1 Be7 9. h3 Bd7 10. Nf3 0-0 11. 0-0 Qb6 12. Qd2 Rfc8 13. Ne5 Be8 14. Bh2 Nxe5 15. dxe5 Nd7 16. Bb1 Nc5 17. Qd4 Na4 18. Nxa4 Qxd4 19. exd4 Bxa4 20. Bf4 Bb5 21. Rfd1 Bb4 22. Kh2 Be2 23. Rg1 b5 24. Be3 Ba5 25. f3 b4 26. Kg3 Bb5 27. Rxc8+ Rxc8 28. Rc1 Rxc1 29. Bxc1 b3 30. a4 Bxa4 31. Kf2 Bb5 32. g4 Bb6 33. Ke3 a5 34. Bd2 Kf8 35. f4 Bd8 36. Be1 g6 37. Bd3 Bd7 38. Ba6 a4 39. Bb4+ Ke8 40. g5 Bb6 41. Kd3 Kd8 42. Kc3 Kc7 43. Bd6+ Kd8 44. Bb4 Bc8 45. Bb5 Bd7 46. Ba6 Bc6 47. Kd3 Kc7 48. Bd6+ Kd7 49. Bb4 Ba7 50. Bd6 Bb6 51. Bb4 Bd8 52. Ke3 Bb6 53. Kd3 Kd8 54. Kc3 Bd7 55. Bd6 Bc6 56. Bb4 Kc7 57. Bd6+ Kd7 58. Bb4 Kd8 59. Bd6 Bd7 60. Bb4 Ba7 61. Bd6 Bc6 62. Kd3 Kd7 63. Kc3 Bb6 64. Bb4 Kc7 65. Bd6+ Kd8 66. Bb4 Ba7 67. Bd6 Kd7 68. Kd3 Ba8 69. Bb5+ Bc6 70. Ba6 1/2-1/2

[Event "St Petersburg Korchnoi Memorial op"]
[Site "St Petersburg"]
[Date "2018.08.15"]
[Round "1"]
[White "Ivanov, Platon Jaan"]
[Black "Mqami, Ibrahim"]
[Result "1-0"]
[WhiteElo "2169"]
[BlackElo "1687"]
[PlyCount "71"]
[EventDate "2018.08.15"]
[EventType "swiss"]
[EventRounds "9"]
[EventCountry "RUS"]
[SourceTitle "CBM 186 Extra"]
[Source "ChessBase"]
[SourceDate "2018.08.24"]
[SourceVersion "1"]
[SourceVersionDate "2018.08.24"]
[SourceQuality "1"]

1. d4 d5 2. c4 e6 3. Nf3 Nf6 4. g3 Be7 5. Bg2 0-0 6. 0-0 c6 7. Qc2 b6 8. Bf4 Bb7 9. Rd1 Nbd7 10. Ne5 Rc8 11. Nc3 Nh5 12. Bc1 f5 13. Qa4 Nxe5 14. dxe5 g5 15. Qxa7 Qc7 16. cxd5 cxd5 17. Be3 Bc5 18. Nb5 Qc6 19. Nd4 Bxd4 20. Bxd4 b5 21. a4 Ra8 22. axb5 Qxb5 23. Qc5 Qxe2 24. Qe7 Rf7 25. Qxe6 Ng7 26. Rxa8+ Bxa8 27. Qc8+ Rf8 28. Qc1 Ne6 29. Bc3 f4 30. Qd2 f3 31. Bh3 Nc5 32. Qxg5+ Kf7 33. e6+ Ke8 34. Re1 Ne4 35. Qh5+ Ke7 36. Rxe2 1-0

[Event "Moscow op-A 14th"]
[Site "Moscow"]
[Date "2018.02.02"]
[Round "7"]
[White "Saveliev, Alexei"]
[Black "Ivanov, Platon Jaan"]
[Result "1/2-1/2"]
[WhiteElo "2373"]
[BlackElo "2169"]
[PlyCount "122"]
[EventDate "2018.01.27"]
[EventType "swiss"]
[EventRounds "9"]
[EventCountry "RUS"]
[SourceTitle "CBM 182 Extra"]
[Source "ChessBase"]
[SourceDate "2018.02.23"]
[SourceVersion "1"]
[SourceVersionDate "2018.02.23"]
[SourceQuality "1"]

1. d4 d5 2. Bf4 Nf6 3. Nc3 c5 4. e3 cxd4 5. exd4 a6 6. Nf3 Bg4 7. h3 Bxf3 8. Qxf3 Nc6 9. Ne2 e6 10. g3 Rc8 11. c3 Be7 12. Bg2 0-0 13. 0-0 Na5 14. Rfc1 b5 15. Qd3 Qb6 16. b3 Rfd8 17. Bf3 Nc6 18. Be3 Qc7 19. Bg2 Ba3 20. Rd1 Be7 21. f4 Bd6 22. Bf2 Ne7 23. Rac1 Rd7 24. Rc2 Qa5 25. g4 Rdc7 26. Be1 Qa3 27. Rdc1 Ng6 28. Bg3 h6 29. Kh2 b4 30. cxb4 Rxc2 31. Rxc2 Rxc2 32. Qxc2 Bxb4 33. Nc1 Bd6 34. Nd3 h5 35. Ne5 hxg4 36. Nxg6 fxg6 37. Qe2 gxh3 38. Qxe6+ Kh7 39. Kxh3 Qb4 40. Be1 Qb8 41. f5 g5 42. Bxd5 Bb4 43. Bc4 Qf4 44. Kg2 Bxe1 45. Qxe1 Qxf5 46. Qf2 Qg4+ 47. Qg3 Qe4+ 48. Qf3 Qxd4 49. Qd3+ Qxd3 50. Bxd3+ Kg8 51. Bxa6 Kf7 52. Kf3 Ke6 53. Bc4+ Kd6 54. b4 g4+ 55. Kf4 g5+ 56. Kg3 Ke5 57. a4 Kd4 58. Be6 Kc3 59. b5 Kb4 60. b6 Ne4+ 61. Kxg4 Nd6 1/2-1/2

[Event "EST-ch"]
[Site "Tallinn"]
[Date "2017.08.03"]
[Round "3"]
[White "Orgse, Karl Kristofer"]
[Black "Ivanov, Platon Jaan"]
[Result "0-1"]
[WhiteElo "1633"]
[BlackElo "1978"]
[PlyCount "76"]
[EventDate "2017.08.01"]
[EventType "swiss"]
[EventRounds "7"]
[EventCountry "EST"]
[SourceTitle "CBM 179 Extra"]
[Source "ChessBase"]
[SourceDate "2017.08.23"]
[SourceVersion "1"]
[SourceVersionDate "2017.08.23"]
[SourceQuality "1"]

1. e4 e5 2. Nf3 Nc6 3. Nc3 Nf6 4. Bb5 Bd6 5. d3 h6 6. 0-0 0-0 7. Ne2 Re8 8. Ng3 Bf8 9. Bxc6 bxc6 10. Qe2 Rb8 11. b3 d5 12. h3 g6 13. Bb2 d4 14. Nh2 Nd7 15. Bc1 Qh4 16. Nf3 Qf6 17. Nh2 g5 18. Nf5 Nc5 19. g4 Ne6 20. Qf3 Nf4 21. Bxf4 exf4 22. Qg2 Bb4 23. Nf3 Bc3 24. Rab1 Kh7 25. a4 c5 26. h4 Bxf5 27. hxg5 hxg5 28. gxf5 g4 29. Qh2+ Kg7 30. Qg2 Rg8 31. Nh2 Kf8 32. Nxg4 f3 33. Qg3 Qg5 34. Ne5 Qh5 35. Nd7+ Ke7 36. Nxb8 Rxg3+ 37. fxg3 Bd2 38. Kf2 Be3+ 0-1

[Event "Viljandi Raud Memorial 50th"]
[Site "Viljandi"]
[Date "2016.06.30"]
[Round "4"]
[White "Ivanov, Platon Jaan"]
[Black "Nero, Georg"]
[Result "0-1"]
[WhiteElo "1958"]
[BlackElo "1813"]
[PlyCount "68"]
[EventDate "2016.06.27"]
[EventType "swiss"]
[EventRounds "9"]
[EventCountry "EST"]
[SourceTitle "CBM 173 Extra"]
[Source "ChessBase"]
[SourceDate "2016.08.29"]
[SourceVersion "1"]
[SourceVersionDate "2016.08.29"]
[SourceQuality "1"]

1. Nf3 Nf6 2. g3 d5 3. Bg2 c5 4. 0-0 Nc6 5. d4 e6 6. c4 dxc4 7. Qa4 Bd7 8. Qxc4 b5 9. Qd3 Qb6 10. dxc5 Bxc5 11. Nc3 Nb4 12. Qd1 Bc6 13. a3 Nbd5 14. Nxd5 Bxd5 15. b4 Be7 16. Be3 Qb7 17. a4 0-0 18. axb5 Nd7 19. Ne1 Bxg2 20. Nxg2 Bxb4 21. Qa4 Bc5 22. Rfc1 Rfc8 23. Qa6 Qxa6 24. Rxa6 Bxe3 25. Rxc8+ Rxc8 26. Nxe3 Rc7 27. Rc6 Rxc6 28. bxc6 Nb6 29. c7 Kf8 30. Nc4 Nc8 31. e4 Ke7 32. e5 Kd7 33. Nd6 Nxd6 34. exd6 a5 0-1

[Event "EST-ch U18"]
[Site "Narva"]
[Date "2016.04.15"]
[Round "3"]
[White "Ivanov, Platon Jaan"]
[Black "Sirosh, Ilja"]
[Result "0-1"]
[WhiteElo "2009"]
[BlackElo "2298"]
[PlyCount "76"]
[EventDate "2016.04.14"]
[EventType "swiss"]
[EventRounds "7"]
[EventCountry "EST"]
[SourceTitle "EXT 2018"]
[Source "ChessBase"]
[SourceDate "2017.10.13"]
[SourceVersion "1"]
[SourceVersionDate "2017.10.13"]
[SourceQuality "1"]

1. Nf3 Nf6 2. g3 d5 3. Bg2 g6 4. b3 Bg7 5. Bb2 0-0 6. c4 c6 7. d3 a5 8. 0-0 Bg4 9. Nbd2 Nbd7 10. h3 Bxf3 11. Nxf3 Re8 12. d4 Ne4 13. Nd2 Nxd2 14. Qxd2 Nf6 15. Qd3 e6 16. Rad1 Qb6 17. Bc3 Qa6 18. c5 Nd7 19. f4 Qxd3 20. Rxd3 b6 21. cxb6 Reb8 22. Rc1 Rxb6 23. e4 dxe4 24. Bxe4 Nf6 25. Bf3 Nd5 26. Bxd5 cxd5 27. Bd2 Bf8 28. Rdc3 a4 29. Rc8 Rxc8 30. Rxc8 axb3 31. axb3 Kg7 32. f5 gxf5 33. h4 Rxb3 34. h5 Rb1+ 35. Kf2 Rb2 36. h6+ Kf6 37. Ke1 Bb4 38. Bxb4 Rxb4 0-1

[Event "Viljandi Raud Memorial 49th"]
[Site "Viljandi"]
[Date "2015.07.03"]
[Round "7"]
[White "Ivanov, Platon Jaan"]
[Black "Petrov, Dmitri"]
[Result "0-1"]
[WhiteElo "1853"]
[BlackElo "2083"]
[PlyCount "94"]
[EventDate "2015.06.29"]
[EventType "swiss"]
[EventRounds "9"]
[EventCountry "EST"]
[SourceTitle "CBM 167 Extra"]
[Source "ChessBase"]
[SourceDate "2015.09.14"]
[SourceVersion "1"]
[SourceVersionDate "2015.09.14"]
[SourceQuality "1"]

1. d4 d5 2. c4 e5 3. cxd5 Qxd5 4. dxe5 Qxd1+ 5. Kxd1 Nc6 6. Nf3 Bc5 7. Bf4 Bf5 8. Nbd2 0-0-0 9. Rc1 Bb6 10. a3 Nge7 11. e3 Ng6 12. Bg3 Rhe8 13. Bb5 Bd7 14. Ke2 Ngxe5 15. Bxe5 Nxe5 16. Bxd7+ Nxd7 17. Nc4 Bc5 18. b4 Be7 19. Rhd1 Nb8 20. Rxd8+ Rxd8 21. Nd4 Bf6 22. Rd1 Rd5 23. f4 b6 24. Nc2 Rxd1 25. Kxd1 Kd7 26. Kd2 Nc6 27. e4 b5 28. N4e3 a5 29. Nd5 Bb2 30. Kd3 a4 31. Nc3 Na7 32. e5 c6 33. Ne4 Nc8 34. Nc5+ Ke7 35. Nd4 Bxd4 36. Kxd4 Nb6 37. Nd3 Nc4 38. Kc5 Kd7 39. f5 Nxa3 40. e6+ fxe6 41. fxe6+ Kxe6 42. Kxc6 Kf5 43. Kd5 Nc2 44. Kc5 Ke4 45. Nc1 Nd4 46. Na2 Kd3 47. Kd5 Nb3 0-1

[Event "Viljandi Raud Memorial 49th"]
[Site "Viljandi"]
[Date "2015.06.30"]
[Round "3"]
[White "Ivanov, Platon Jaan"]
[Black "Narva, Mai"]
[Result "1/2-1/2"]
[WhiteElo "1853"]
[BlackElo "2252"]
[PlyCount "43"]
[EventDate "2015.06.29"]
[EventType "swiss"]
[EventRounds "9"]
[EventCountry "EST"]
[SourceTitle "CBM 167 Extra"]
[Source "ChessBase"]
[SourceDate "2015.09.14"]
[SourceVersion "1"]
[SourceVersionDate "2015.09.14"]
[SourceQuality "1"]

1. d4 Nf6 2. Nf3 d5 3. c4 e6 4. Nc3 Be7 5. Bf4 0-0 6. e3 b6 7. Bd3 Bb7 8. 0-0 c5 9. Qe2 Nc6 10. cxd5 Nxd5 11. Nxd5 Qxd5 12. dxc5 Bxc5 13. Rfd1 Qh5 14. Ne5 Qxe2 15. Bxe2 Nxe5 16. Bxe5 Rfd8 17. h3 Kf8 18. Rac1 Bd5 19. Bf3 Bxf3 20. gxf3 f6 21. Bc3 Ke7 22. Kf1 1/2-1/2

[Event "Viljandi Raud Memorial 49th"]
[Site "Viljandi"]
[Date "2015.06.29"]
[Round "1"]
[White "Ivanov, Platon Jaan"]
[Black "Shvyrjov, Igor"]
[Result "0-1"]
[WhiteElo "1853"]
[BlackElo "2433"]
[PlyCount "120"]
[EventDate "2015.06.29"]
[EventType "swiss"]
[EventRounds "9"]
[EventCountry "EST"]
[SourceTitle "CBM 167 Extra"]
[Source "ChessBase"]
[SourceDate "2015.09.14"]
[SourceVersion "1"]
[SourceVersionDate "2015.09.14"]
[SourceQuality "1"]

1. d4 g6 2. Nf3 d6 3. g3 Nf6 4. Bg2 Bg7 5. 0-0 c6 6. c4 0-0 7. Nc3 Bf5 8. Nh4 Be6 9. d5 cxd5 10. cxd5 Bd7 11. Be3 Na6 12. Rc1 Qa5 13. a4 Rfc8 14. Nf3 Qb4 15. Bd4 Nc5 16. Bxc5 Rxc5 17. Ne1 Bxa4 18. Nxa4 Rxc1 19. Qxc1 Qxa4 20. Nd3 Qb5 21. Qe3 Qd7 22. h3 Ne8 23. Rc1 Nc7 24. Bf3 Nb5 25. Bg4 Qd8 26. b4 h5 27. Bf3 Nd4 28. Nf4 a5 29. bxa5 Rxa5 30. Be4 Rc5 31. Rd1 Nc2 32. Qb3 Qc7 33. Rb1 h4 34. Qxb7 Qxb7 35. Rxb7 hxg3 36. fxg3 Bd4+ 37. Kh2 Kf8 38. h4 Be5 39. Nd3 Rc4 40. Bf3 Rxh4+ 41. Kg2 Rd4 42. Kf2 Bf6 43. Rc7 Na3 44. Rc1 Bg5 45. Rc8+ Kg7 46. Rb8 Nc2 47. Rb2 Be3+ 48. Kg2 Rc4 49. Rb5 Kf6 50. Ra5 g5 51. g4 Bd4 52. Rb5 Ne3+ 53. Kg3 Be5+ 54. Kh3 Rc8 55. Nxe5 Kxe5 56. Rb7 Kf4 57. Kh2 Rh8+ 58. Kg1 Re8 59. Rb4+ Kg3 60. Rb3 Rc8 0-1

[Event "EST-ch U18"]
[Site "Tallinn"]
[Date "2015.03.21"]
[Round "5"]
[White "Pedoson, Georg Aleksander"]
[Black "Ivanov, Platon Jaan"]
[Result "1/2-1/2"]
[WhiteElo "1685"]
[BlackElo "1799"]
[PlyCount "124"]
[EventDate "2015.03.19"]
[EventType "swiss"]
[EventRounds "7"]
[EventCountry "EST"]
[SourceTitle "EXT 2016"]
[Source "ChessBase"]
[SourceDate "2015.10.08"]
[SourceVersion "1"]
[SourceVersionDate "2015.10.08"]
[SourceQuality "1"]

1. c4 c6 2. d4 d5 3. cxd5 cxd5 4. Nc3 Nf6 5. Bf4 Nc6 6. h3 a6 7. e3 b5 8. a3 Bf5 9. Nf3 e6 10. Be2 Bd6 11. Bxd6 Qxd6 12. 0-0 0-0 13. b4 Rac8 14. Rc1 Rc7 15. Nh4 Ne7 16. Nxf5 Nxf5 17. Bd3 Rfc8 18. Qd2 Qb6 19. a4 Nd6 20. a5 Qb7 21. Ne2 Nc4 22. Qa2 Rc6 23. Rc2 Qe7 24. Qb3 Qd6 25. Rfc1 Nd7 26. e4 Nd2 27. Rxc6 Rxc6 28. Rxc6 Qxc6 29. exd5 exd5 30. Qd1 Nc4 31. Nf4 Nf6 32. g3 g6 33. Ng2 Qd6 34. Qe1 Kg7 35. Ne3 Nxe3 36. fxe3 Ne8 37. Kg2 h5 38. Qc3 Nf6 39. Qc5 Qe6 40. Qc1 Nh7 41. h4 Nf6 42. Be2 Qe7 43. Qc3 Ne4 44. Qe1 Nd6 45. Bf3 Nf5 46. Kf2 Qd6 47. Kg2 Qe6 48. Kf2 Qc6 49. Kg2 Qc2+ 50. Kg1 Qb3 51. Kf2 Qb2+ 52. Kg1 Qb3 53. Kf2 Qc2+ 54. Kg1 Qc7 55. Bxd5 Nxg3 56. Qf2 Nf5 57. e4 Nh6 58. e5 Ng4 59. Qf4 Qe7 60. Bb3 Qd7 61. Ba2 Qc7 62. Bd5 Kh8 1/2-1/2

[Event "EST-ch sf"]
[Site "Tallinn"]
[Date "2015.03.05"]
[Round "1"]
[White "Krupenski, Juri"]
[Black "Ivanov, Platon Jaan"]
[Result "1-0"]
[WhiteElo "2259"]
[BlackElo "1815"]
[PlyCount "57"]
[EventDate "2015.03.05"]
[EventType "swiss"]
[EventRounds "7"]
[EventCountry "EST"]
[SourceTitle "CBM 165 Extra"]
[Source "ChessBase"]
[SourceDate "2015.04.21"]
[SourceVersion "1"]
[SourceVersionDate "2015.04.21"]
[SourceQuality "1"]

1. d4 d5 2. c4 c6 3. Nf3 Nf6 4. e3 a6 5. Bd3 b5 6. b3 g6 7. 0-0 Bg7 8. Qc2 0-0 9. Nbd2 Nbd7 10. e4 bxc4 11. bxc4 dxe4 12. Nxe4 Rb8 13. Bf4 Rb7 14. Rab1 Nh5 15. Bg5 h6 16. Be3 Qc7 17. Qc1 f5 18. Ng3 Rxb1 19. Bxb1 Nxg3 20. hxg3 g5 21. Re1 e5 22. dxe5 Nxe5 23. Nxe5 Bxe5 24. Bc5 Rd8 25. Qe3 Bf6 26. Bb6 Qd7 27. Bxd8 Bxd8 28. Qe8+ Kg7 29. Qxd7+ 1-0